• Pullen, Robert,

di Personal Name

Records bibliografici associati: 1

001 - CONTROL NUMBER

  • control field: 42276

003 - CONTROL NUMBER IDENTIFIER

  • control field: IT-RoINE

005 - DATE AND TIME OF LATEST TRANSACTION

  • control field: 20171123072456.0

008 - FIXED-LENGTH DATA ELEMENTS

  • fixed length control field: 171123|| aca||aabn | a|a d

040 ## - CATALOGING SOURCE

  • Original cataloging agency: IT-RoINE
  • Transcribing agency: IT-RoINE

100 ## - HEADING--PERSONAL NAME

  • Personal name: Pullen, Robert,
  • Dates associated with a name: ca. 1080-1146

670 ## - SOURCE DATA FOUND

  • Source citation: Work cat.: (IT-RoINE)0: Suger, abbé de Saint-Denis 1081-1151 42275, Sugerii abbatis S. Dionysii opuscula et epistolae :, 1971.